Gorzów ...

Titel: Gorzów ... : z dziejów gospodarczych miasta i regionu / Józef T. Finster redakcja
Beteiligt:
Ausgabe: Wydanie 1
Veröffentlicht: Gorzów Wielkopolski : Lubuska Organizacja Pracodawców w Gorzowie Wielkopolskim, 2020
Umfang: 324 Seiten : Illustrationen, Karten ; 30 cm
Format: Buch
Sprache: Polnisch; Deutsch
Schlagworte:
ISBN: 9788366361041 ; 8366361047 ; 9788366361058
Buchumschlag
X
alg: 47739891
001A    $03004:25-03-21 
001B    $01999:27-04-21 $t11:38:22.000 
001D    $03004:25-03-21 
001U    $0utf8 
001X    $00 
002@    $0Aau 
002C    $aText $btxt $2rdacontent 
002D    $aohne Hilfsmittel zu benutzen $bn $2rdamedia 
002E    $aBand $bnc $2rdacarrier 
003@    $047739891X 
003O    $01150485259 $aOCoLC 
004A    $A978-83-66361-04-1 
004A    $083-66361-04-7 
004A    $A978-83-66361-05-8 
006C    $01150485259 $aOCoLC 
007A    $047739891X $aHEB 
007G    $0DE02003D4014EA65F4001C12586C30047DCD6 
009P    $qapplication/pdf $A2 $3Inhaltsverzeichnis $uhttp://scans.hebis.de/HEBCGI/show.pl?47739891_toc.pdf $mV:DE-603;B:DE-Mb50 
010@    $apol $ager 
011@    $a2020 $n2020 
013D    $#Beiträge Formschlagwort $#Einzelbeiträge $#Sammelwerk Formschlagwort $74143413-4 $8Aufsatzsammlung [Ts1] $9085562742 
021A    $aGorzów ... $dz dziejów gospodarczych miasta i regionu $hJózef T. Finster redakcja 
028C    $BHerausgeber $4edt $7 $8Finster, Józef T. [Tnx] $9167264435 
032@    $aWydanie 1 
033A    $pGorzów Wielkopolski $nLubuska Organizacja Pracodawców w Gorzowie Wielkopolskim 
034D    $a324 Seiten 
034I    $a30 cm 
034M    $aIllustrationen, Karten 
037A    $aLiteraturangaben 
044K    $RLandsberg (Warthe) $#Gorzów Wlkp. $#Gorzów $#Landsberg (Warthe) $71216031-3 $8Gorzów Wielkopolski [Tg1] $9042382467 
044K    $RWirtschaftswachstum $#Economic development $#Développement économique $#Wirtschaftliche Entwicklung $#Wirtschaftsdynamik $#Wirtschaftswandel $#Wirtschaftlicher Wandel $#Ökonomische Entwicklung $74066438-7 $8Wirtschaftsentwicklung [Ts1] $9085186708 
044K    $#economics $#Economics $#Wirtschaft $#Ökonomie $#Wirtschaftsleben $#Ökonomie Wirtschaft $74066399-1 $8Wirtschaft [Tsz] $9085186635 
045F    $eDDC23BSB 
045F/01 $a307.09 
045F/03 $g438 
045R    $aGeschichte 
046L    $aZusammenfassung einiger Beiträge in deutscher Sprache 

lok: 47739891 24

exp: 47739891 24 1 #EPN
201B/01 $025-03-21 $t13:15:01.000 
201C/01 $025-03-21 
201U/01 $0utf8 
203@/01 $0114737435X 
208@/01 $a25-03-21 $bz 
209A/01 $a21.01382 $du $f050 $h21 01382 $x00 
209C/01 $a21.01382 G $h21 01382 G 
209G/01 $a74243185 $x00 
220C/01 $aho-sz 
247C/01 $8358050-7 Marburg, Bibliothek des Herder-Instituts Marburg $9102600961 

lok: 47739891 66

exp: 47739891 66 1 #EPN
201B/01 $019-04-21 $t12:18:11.000 
201C/01 $019-04-21 
201U/01 $0utf8 
203@/01 $01149943319 
208@/01 $a19-04-21 $bz 
209A/01 $aVk Gor/F $du $f000 $x00 
209C/01 $a21/c336G 
247C/01 $8618123-5 Darmstadt, Bibliothek des Deutschen Polen-Instituts $9102600902 

lok: 47739891 78

exp: 47739891 78 1 #EPN
201B/01 $007-05-21 $t08:31:24.000 
201C/01 $007-05-21 
201U/01 $0utf8 
203@/01 $01151214671 
208@/01 $a07-05-21 $be 
209A/01 $a/ $f000 $x00 
209A/01 $ab*p $x01 
220C/01 $apgar 
244Z/01 $#Generalgouvernement Polen $#Polska $#Rzeczpospolita Polska $#Polska Rzeczpospolita Ludowa $#Poland $#Pologne $#République Polonaise $#Generalne Gubernatorstwo w Polsce $#Polish People's Republic $#Polska Rzeczpospolita Polen $#PRL $#RP $#Polen Generalgouvernement $#Polska Generalgouvernement $#Besetzte Polnische Gebiete $#Besetztes Gebiet in Polen $#Okupowane Polskie Obszary $#Obszary Okupowane w Polsce $#Volksrepublik Polen $#Polska Rosyjska $#Republic Polen $#Respublika Pol'ša $#Pol'skaja Narodnaja Respublika $#République de Pologne $#Polen Links der Weichsel $#Polska po Lewej Stronie Wisły $#Lenkija $#Polija $#Gubernija Carstva Pol'skago $#Republik Polen $74046496-9 $8--Tg1--Polen $x01 $9085129801 
247C/01 $82080>Marburg/Lahn, Herder-Institut, Forschungsbibliothek, Bibliographieportal $9336309341
LEADER 00000cam a2200000 c 4500
001 47739891X
003 DE-603
005 20210427113822.0
007 tu
008 210325s2020 xx |||| | u00||u|pol c
020 |a 9788366361041 
020 |a 8366361047 
020 |a 9788366361058 
035 |a (DE-599)HEB47739891X 
035 |a (OCoLC)1150485259 
040 |a DE-603  |b ger  |c DE-603  |d DE-603 
041 |a pol  |a ger 
085 |8 1\u  |b 307.09 
085 |8 1\u  |z 2  |s 438 
245 0 0 |a Gorzów ...  |b z dziejów gospodarczych miasta i regionu  |c Józef T. Finster redakcja 
250 |a Wydanie 1 
264 1 |a Gorzów Wielkopolski  |b Lubuska Organizacja Pracodawców w Gorzowie Wielkopolskim  |c 2020 
300 |a 324 Seiten  |b Illustrationen, Karten  |c 30 cm 
336 |a Text  |b txt  |2 rdacontent 
337 |a ohne Hilfsmittel zu benutzen  |b n  |2 rdamedia 
338 |a Band  |b nc  |2 rdacarrier 
500 |a Literaturangaben 
546 |a Zusammenfassung einiger Beiträge in deutscher Sprache 
648 7 |a Geschichte  |2 gnd 
650 7 |a Wirtschaftsentwicklung  |0 (DE-588)4066438-7  |0 (DE-603)085186708  |2 gnd 
650 7 |a Wirtschaft  |0 (DE-588)4066399-1  |0 (DE-603)085186635  |2 gnd 
651 7 |a Gorzów Wielkopolski  |0 (DE-588)1216031-3  |0 (DE-603)042382467  |2 gnd 
655 7 |a Aufsatzsammlung  |2 gnd-content  |0 (DE-588)4143413-4  |0 (DE-603)085562742 
700 1 |a Finster, Józef T.  |e Herausgeber  |4 edt  |0 (DE-603)167264435 
856 4 2 |m V:DE-603;B:DE-Mb50  |q application/pdf  |u http://scans.hebis.de/HEBCGI/show.pl?47739891_toc.pdf  |3 Inhaltsverzeichnis 
924 0 |9 Mb 50  |a (DE-603)114737435X  |b DE-Mb50  |c HES  |d c  |g 21.01382 
924 0 |9 Ds 123  |a (DE-603)1149943319  |b DE-Ds123  |c HES  |d d  |g Vk Gor/F 
924 0 |9 2080  |a (DE-603)1151214671  |b DE-2080  |c HES  |d d  |g /